000 00631nam a2200229Ia 4500
003 OSt
005 20220916111024.0
006 a|||||r|||| 00| 0
007 ta
008 220915b |||||||| |||| 00| 0 eng d
024 _a121378
037 _cTextbook
040 _beng
_aARTS
_cARTS
041 _aeng
082 _aV5961:17p1:N05, 122D5 (906)
100 _aThys Albert
245 0 _aExpansion coloniale belge : conference dennee a liege le 3 November 1905
260 _c1895
650 _aHISTORY
942 _hV5961:17p1:N05, 122D5 (906)
_cTB
_2CC
999 _c103601
_d103601